[Event "XXXIV Festival Conca della Presolana Open A"]
[Site "Bratto - Castione della Presolana ITA"]
[Date "2014.08.30"]
[Round "8"]
[White "Rossini, Fulvio"]
[Black "Dubois, Martine"]
[WhiteElo "1930"]
[BlackElo "2003"]
[Result "0-1"]
[PlyCount "138"]
[EventDate "2014.08.23"]

1. e4 d5 2. exd5 Qxd5 3. Nc3 Qd6 4. Nf3 Nf6 5. Bc4 Nc6 6. h3 Bf5 7. d3 a6 8. a3
h6 9. Be3 e5 10. Qd2 Nd4 11. O-O-O Nxf3 12. gxf3 b5 13. Bb3 b4 14. axb4 Qxb4
15. Ne4 a5 16. Qxb4 axb4 17. Nxf6+ gxf6 18. Kd2 Bd6 19. h4 h5 20. Ra1 Ke7 21.
Bd5 Rxa1 22. Rxa1 Rg8 23. Ke2 Bd7 24. Ra8 Rxa8 25. Bxa8 c6 26. Bb7 f5 27. f4
exf4 28. Bd2 Ke6 29. Kf3 Be7 30. Kxf4 Bxh4 31. Kf3 Be7 32. Bf4 Bf6 33. Bd2 Bxb2
34. Bxb4 h4 35. Bd2 Be5 36. Kg2 f4 37. Kh3 Kf5 38. Kxh4 Kg6 39. Bxf4 Bxf4 40.
d4 Bc7 41. c4 Bb6 42. c5 Bc7 43. d5 cxd5 44. Bxd5 f5 45. Kh3 Kg5 46. Kg2 Kf4
47. Kf1 Bb5+ 48. Kg2 Ke5 49. Bf3 f4 50. Bg4 Bc6+ 51. f3 Be8 52. Kf2 Kd5 53. Ke2
Kxc5 54. Bf5 Bb5+ 55. Kf2 Bc6 56. Bg4 Bb6 57. Bh5 Kd4 58. Bg6 Kc3+ 59. Kg2 Kd2
60. Bh5 Ke3 61. Bg4 Be8 62. Bf5 Bc6 63. Bg4 Ke2 64. Bh5 Ke1 65. Bf7 Bb5 66. Kh3
Kf2 67. Kg4 Bc7 68. Bd5 Bd7+ 69. Kg5 Kg3 0-1

[Event "XXXIV Festival Conca della Presolana Open A"]
[Site "Bratto - Castione della Presolana ITA"]
[Date "2014.08.30"]
[Round "8"]
[White "Saracco, Marco"]
[Black "Rizzi, Volfango"]
[WhiteElo "1840"]
[BlackElo "1850"]
[Result "1/2-1/2"]
[PlyCount "47"]
[EventDate "2014.08.23"]

1. d4 d5 2. c4 c6 3. cxd5 cxd5 4. Nf3 Nf6 5. Nc3 e6 6. e3 Be7 7. Bd3 Nc6 8. O-O
O-O 9. a3 Bd7 10. b4 Rc8 11. Bb2 a6 12. Rc1 b5 13. Re1 Qb6 14. Qd2 Nd8 15. Ne5
Nb7 16. e4 dxe4 17. Nxd7 Nxd7 18. Nxe4 Nd6 19. Nc5 Nf6 20. Qe2 Rfd8 21. Rcd1
Nde8 22. g3 Nd5 23. f4 g6 24. Kg2 1/2-1/2

[Event "XXXIV Festival Conca della Presolana Open A"]
[Site "Bratto - Castione della Presolana ITA"]
[Date "2014.08.30"]
[Round "8"]
[White "Villa, Claudio"]
[Black "Mascheroni, Maurizio"]
[WhiteElo "1796"]
[BlackElo "1996"]
[Result "1-0"]
[PlyCount "131"]
[EventDate "2014.08.23"]

1. d4 Nf6 2. c4 e6 3. Nf3 b6 4. g3 Bb7 5. Bg2 Bb4+ 6. Nbd2 Ne4 7. O-O Nxd2 8.
Bxd2 Bxd2 9. Qxd2 O-O 10. Rac1 d6 11. b4 Nd7 12. Rfd1 Qe7 13. c5 Bxf3 14. Bxf3
Rac8 15. Bb7 Rb8 16. cxd6 cxd6 17. Rc7 Rfd8 18. Bf3 d5 19. Rxa7 Qd6 20. Rc1
Rdc8 21. e3 Nf6 22. Rc3 g6 23. Qc2 Rxc3 24. Qxc3 Kg7 25. a3 Ne8 26. e4 dxe4 27.
Bxe4 Nf6 28. Bf3 Rd8 29. Qe3 Qxd4 30. Qxe6 Rf8 31. Qb3 Ne8 32. a4 Nd6 33. Rd7
Qe5 34. Qd5 Qe1+ 35. Kg2 Nf5 36. Be4 Qxb4 37. Bxf5 gxf5 38. Qe5+ Kg6 39. Qd6+
Qxd6 40. Rxd6+ f6 41. Rxb6 Ra8 42. Rb4 Ra5 43. Kf3 Ra6 44. Ke3 Ra8 45. Kd3 Ra5
46. Kc3 Re5 47. Rf4 Re1 48. Kb4 Rb1+ 49. Ka5 Rb2 50. Ka6 Ra2 51. a5 Ra1 52. Kb6
Rb1+ 53. Ka7 Rb2 54. a6 Kg5 55. Ka8 h5 56. h4+ Kg6 57. a7 Rb3 58. Rc4 Rb2 59.
Rc7 f4 60. gxf4 Kf5 61. Rb7 Re2 62. Kb8 Re8+ 63. Kc7 Kxf4 64. Rb8 Re7+ 65. Kb6
Re6+ 66. Kc5 1-0

[Event "XVIII Festival A"]
[Site "Cesenatico ITA"]
[Date "2014.09.07"]
[Round "9"]
[White "Cebalo, Miso"]
[Black "Rausis, Igors"]
[WhiteElo "2401"]
[BlackElo "2578"]
[Result "1/2-1/2"]
[PlyCount "23"]
[EventDate "2014.08.31"]

1. d4 d5 2. Nf3 Nf6 3. c4 c6 4. Nc3 dxc4 5. a4 e6 6. e3 c5 7. Bxc4 Nc6 8. O-O
Be7 9. dxc5 Qxd1 10. Rxd1 Bxc5 11. b3 O-O 12. Bb2 1/2-1/2

[Event "XVIII Festival A"]
[Site "Cesenatico ITA"]
[Date "2014.09.07"]
[Round "9"]
[White "Friedrich, Norbert"]
[Black "Drei, Andrea"]
[WhiteElo "2301"]
[BlackElo "2270"]
[Result "1-0"]
[PlyCount "169"]
[EventDate "2014.08.31"]

1. e4 c5 2. Nf3 a6 3. c4 Nc6 4. d4 cxd4 5. Nxd4 e5 6. Nf5 d6 7. Nc3 g6 8. Ne3
Bh6 9. h4 Nf6 10. Bd3 Be6 11. Ncd5 Bxd5 12. cxd5 Nd4 13. g3 Rc8 14. Kf1 Bg7 15.
Kg2 O-O 16. Nc2 Nxc2 17. Bxc2 Ne8 18. h5 f5 19. hxg6 f4 20. Qg4 hxg6 21. Bd3 g5
22. Bd2 Nf6 23. Qxg5 Qb6 24. Bc3 f3+ 25. Kg1 Rc7 26. Rh4 Re7 27. Re1 Qd8 28.
Re3 Nd7 29. Qh5 Nf6 30. Qg6 Qe8 31. Qf5 Qd7 32. Rxf3 Qxf5 33. Rxf5 Nd7 34.
Rxf8+ Kxf8 35. Kf1 Rf7 36. Ke2 Ke7 37. Rh7 Nf8 38. Rh1 Nd7 39. Bc2 Bf6 40. Bd2
Rf8 41. Rh7+ Kd8 42. Bb4 Be7 43. Ba5+ Ke8 44. Ba4 b5 45. Bc2 Nf6 46. Rh1 Kd7
47. Bd3 Bd8 48. Bxd8 Rxd8 49. Rc1 Ne8 50. f4 exf4 51. gxf4 Nf6 52. Rc6 Rh8 53.
Rxa6 Rh2+ 54. Ke3 Rxb2 55. Ra5 Kc7 56. Ra6 Nh5 57. Rc6+ Kd7 58. Rc2 Rb4 59. Rg2
Ke7 60. Rg5 Nf6 61. Rg7+ Kd8 62. Rb7 Ra4 63. Rf7 Ng4+ 64. Kf3 Nh2+ 65. Kg3 Ra3
66. Kxh2 Rxd3 67. Rb7 Re3 68. Rxb5 Rxe4 69. Kg3 Ra4 70. Kg4 Rxa2 71. Kg5 Ra7
72. Kf6 Rh7 73. f5 Rh6+ 74. Kg7 Rh1 75. Kf7 Rf1 76. f6 Kc7 77. Ke7 Re1+ 78. Kf8
Rf1 79. f7 Kd7 80. Rb2 Rg1 81. Rh2 Rg3 82. Rh8 Rg1 83. Rg8 Rh1 84. Kg7 Rg1+ 85.
Kh6 1-0

[Event "XVIII Festival A"]
[Site "Cesenatico ITA"]
[Date "2014.09.07"]
[Round "9"]
[White "Levin, Felix"]
[Black "Albano, Marco"]
[WhiteElo "2513"]
[BlackElo "2286"]
[Result "1-0"]
[PlyCount "139"]
[EventDate "2014.08.31"]

1. d4 Nf6 2. Nf3 e6 3. c4 Bb4+ 4. Nbd2 d5 5. Qa4+ Nc6 6. a3 Bxd2+ 7. Bxd2 O-O
8. Bf4 h6 9. h3 Ne7 10. e3 b6 11. Be2 c5 12. O-O cxd4 13. Nxd4 Bd7 14. Qb3 Nc6
15. Nxc6 Bxc6 16. Rfd1 Qe7 17. Qb4 Qxb4 18. axb4 dxc4 19. Bxc4 a5 20. b5 Bd5
21. Be2 Rfc8 22. Rac1 a4 23. Bd6 Bb3 24. Re1 Ne4 25. Bc7 Nd2 26. Bxb6 Nc4 27.
Bd4 e5 28. b6 Rab8 29. b7 Rxb7 30. Bxe5 Re7 31. Bd4 Nd6 32. Rxc8+ Nxc8 33. Rc1
Nd6 34. Rc6 Rd7 35. g4 f6 36. h4 Kf7 37. h5 f5 38. Be5 Ke6 39. Bxd6 Rxd6 40.
gxf5+ Kd7 41. Rxd6+ Kxd6 42. f4 Bc2 43. Kf2 Kc5 44. Ke1 Kb4 45. Kd2 Kb3 46. Kc1
Bxf5 47. Bd1+ Kb4 48. Kd2 Be4 49. Bc2 Bf3 50. Bg6 Kb3 51. Kc1 Kc4 52. Kc2 Bc6
53. Bf7+ Kc5 54. Kc3 Bf3 55. Bg6 Kd5 56. Kd3 Bd1 57. e4+ Kc5 58. Kc3 Bf3 59. e5
Bd1 60. Bf7 Kc6 61. Kb4 Kd7 62. Bd5 Ke7 63. Bc6 Bxh5 64. Kxa4 Ke6 65. b4 Be2
66. b5 g5 67. b6 Ba6 68. Bf3 Kf5 69. Ka5 Bc8 70. Bg4+ 1-0

[Event "XVIII Festival A"]
[Site "Cesenatico ITA"]
[Date "2014.09.07"]
[Round "9"]
[White "Naumkin, Igor"]
[Black "Schacher, Gerd"]
[WhiteElo "2448"]
[BlackElo "2360"]
[Result "1-0"]
[PlyCount "55"]
[EventDate "2014.08.31"]

1. d4 f5 2. Nf3 Nf6 3. Bg5 e6 4. Nbd2 Be7 5. Bxf6 Bxf6 6. e4 d5 7. e5 Be7 8. c4
dxc4 9. Bxc4 Nc6 10. Nb3 Nb4 11. O-O c6 12. a3 Nd5 13. Qd2 O-O 14. Rad1 a5 15.
Nc1 b5 16. Ba2 b4 17. a4 Ba6 18. Nd3 Qb6 19. Bb3 Rfd8 20. Rfe1 Bxd3 21. Qxd3 c5
22. g3 g6 23. Re2 Nc7 24. Rc2 Kf7 25. h4 Na6 26. Rdc1 Qb7 27. Qe3 cxd4 28. Nxd4
1-0

[Event "XVIII Festival A"]
[Site "Cesenatico ITA"]
[Date "2014.09.07"]
[Round "9"]
[White "Roeder, Matthias"]
[Black "Zimina, Olga"]
[WhiteElo "2422"]
[BlackElo "2327"]
[Result "1/2-1/2"]
[PlyCount "31"]
[EventDate "2014.08.31"]

1. Nf3 d5 2. c4 d4 3. b4 c5 4. a3 f6 5. d3 e5 6. bxc5 Bxc5 7. g3 Ne7 8. Bg2 O-O
9. Nbd2 Nec6 10. O-O Na6 11. Nb3 Be7 12. e3 Bg4 13. h3 Bh5 14. g4 Bf7 15. exd4
exd4 16. Bb2 1/2-1/2

[Event "XVIII Festival A"]
[Site "Cesenatico ITA"]
[Date "2014.09.07"]
[Round "9"]
[White "Sharma, Dinesh K."]
[Black "Brancaleoni, Maurizio"]
[WhiteElo "2359"]
[BlackElo "2210"]
[Result "1-0"]
[PlyCount "45"]
[EventDate "2014.08.31"]

1. d4 Nf6 2. Nf3 d5 3. c4 e6 4. Nc3 dxc4 5. e3 a6 6. Bxc4 b5 7. Bb3 Bb7 8. O-O
c5 9. a4 b4 10. Ne2 Nbd7 11. Bd2 a5 12. Bc4 Bd6 13. dxc5 Nxc5 14. Bb5+ Ke7 15.
Ned4 Qb6 16. Qe2 Nce4 17. Rac1 Rac8 18. Rfd1 g6 19. Be1 Bd5 20. Nd2 Nxd2 21.
Qxd2 e5 22. Nc6+ Ke6 23. e4 1-0

[Event "II Weekend Master"]
[Site "Omegna ITA"]
[Date "2014.08.09"]
[Round "1"]
[White "Balzan, Alessandro"]
[Black "D'Agostino, Maurizio"]
[WhiteElo "1770"]
[BlackElo "1993"]
[Result "0-1"]
[PlyCount "146"]
[EventDate "2014.08.08"]

1. e4 e6 2. d4 d5 3. Nc3 Nc6 4. e5 f6 5. f4 Bb4 6. Nf3 Nh6 7. Bd3 Qe7 8. O-O
Bd7 9. Nb5 Ba5 10. c3 Bb6 11. Qc2 a6 12. Na3 f5 13. h3 Nf7 14. Be3 O-O-O 15.
Kf2 h6 16. g4 fxg4 17. hxg4 Rdf8 18. Ke2 Kb8 19. Rh1 g5 20. fxg5 Nxg5 21. Nxg5
hxg5 22. Qd2 Rxh1 23. Rxh1 Qf7 24. Ke1 Qf3 25. Rg1 Nxe5 26. Be2 Qe4 27. Nc2
Nf3+ 28. Bxf3 Rxf3 29. Kd1 Bb5 30. Kc1 Qg6 31. Ne1 Rh3 32. Bxg5 e5 33. Be3 Qe4
34. Bf2 exd4 35. cxd4 Qh7 36. g5 Qg7 37. Be3 Rxe3 38. Qxe3 Bxd4 39. Qg3 Bxg1
40. Qxg1 Qg6 41. Nf3 Qf5 42. Qe3 Bd3 43. Kd2 Be4 44. Nd4 Qe5 45. b4 a5 46. a3
axb4 47. axb4 Qd6 48. Qc3 Qh2+ 49. Ne2 Qg2 50. Qh8+ Ka7 51. Qa1+ Kb8 52. Qh8+
Ka7 53. Qd4+ b6 54. Qe5 Kb7 55. Ke3 Qf3+ 56. Kd2 Qd3+ 57. Ke1 Qb1+ 58. Kf2 Qxb4
59. Ng3 Qc5+ 60. Ke2 Qc2+ 61. Ke3 Qd3+ 62. Kf2 Qd2+ 63. Kf1 Qg2+ 64. Ke1 Qg1+
65. Ke2 Qg2+ 66. Ke1 Qh2 67. Qc3 Qg1+ 68. Ke2 d4 69. Qe1 Qe3+ 70. Kf1 Bg2+ 71.
Kxg2 Qxe1 72. g6 Qd2+ 73. Kh3 Qh6+ 0-1

[Event "II Weekend Master"]
[Site "Omegna ITA"]
[Date "2014.08.09"]
[Round "1"]
[White "Balzan, Marco"]
[Black "Montilli, Vincenzo"]
[WhiteElo "1822"]
[BlackElo "2068"]
[Result "0-1"]
[PlyCount "82"]
[EventDate "2014.08.08"]

1. e4 e6 2. d4 d5 3. Nc3 Nf6 4. e5 Nfd7 5. f4 c5 6. Nf3 Nc6 7. Be3 a6 8. Be2
cxd4 9. Nxd4 Bc5 10. Qd2 Nxd4 11. Bxd4 O-O 12. O-O-O b5 13. Bf3 Bxd4 14. Qxd4
Bb7 15. Kb1 Rc8 16. Be2 Qa5 17. Bd3 b4 18. Ne2 Nc5 19. f5 Nxd3 20. Qxd3 Qc7 21.
fxe6 fxe6 22. Nd4 Rf2 23. Qg3 Rcf8 24. Rc1 Qb6 25. Nf3 a5 26. Rhe1 a4 27. Ng5
h6 28. Nh3 R2f5 29. Rcd1 Ba6 30. Re3 Qc5 31. Rf3 Be2 32. Rxf5 Rxf5 33. Re1 Qd4
34. a3 b3 35. cxb3 Bd3+ 36. Ka1 axb3 37. Rc1 Bc2 38. Ng1 Qxe5 39. Qxe5 Rxe5 40.
Nf3 Re2 41. a4 Re4 0-1

[Event "II Weekend Master"]
[Site "Omegna ITA"]
[Date "2014.08.09"]
[Round "1"]
[White "Bini, Massimo"]
[Black "Rivara, Massimo"]
[WhiteElo "1995"]
[BlackElo "1800"]
[Result "1-0"]
[PlyCount "51"]
[EventDate "2014.08.08"]

1. d4 Nf6 2. Bf4 d6 3. e3 g6 4. Nf3 Bg7 5. h3 O-O 6. Be2 Nbd7 7. O-O c5 8. c3
b6 9. a4 Bb7 10. Nbd2 Rc8 11. Bh2 Re8 12. Qb3 a6 13. Rfd1 e5 14. dxe5 dxe5 15.
Nc4 Bd5 16. Rxd5 Nxd5 17. Nd6 e4 18. Qxd5 exf3 19. Qxf7+ Kh8 20. Nxe8 Qxe8 21.
Qxe8+ Rxe8 22. Bxf3 Ne5 23. Be2 a5 24. Rd1 Bf6 25. Rd6 Bd8 26. Bxe5+ 1-0

[Event "II Weekend Master"]
[Site "Omegna ITA"]
[Date "2014.08.09"]
[Round "1"]
[White "Bracaglia, Carlo"]
[Black "Monticone, Sonia"]
[WhiteElo "2125"]
[BlackElo "1866"]
[Result "0-1"]
[PlyCount "60"]
[EventDate "2014.08.08"]

1. e4 c5 2. Nf3 e6 3. Nc3 a6 4. d4 cxd4 5. Nxd4 Qc7 6. g3 d6 7. Bg2 Bd7 8. O-O
Nc6 9. Re1 Be7 10. h3 Nxd4 11. Qxd4 Nf6 12. Be3 e5 13. Qd3 O-O 14. g4 Be6 15.
f4 exf4 16. Bxf4 Nd7 17. Kh1 Ne5 18. Bxe5 dxe5 19. Nd5 Qd8 20. Rad1 Bh4 21. Rf1
Rc8 22. c4 Qa5 23. b3 Qxa2 24. Qc3 Qa3 25. Qxe5 Qxb3 26. Qh5 Bd8 27. g5 Qg3 28.
h4 Bg4 29. Rd3 Qxg2+ 30. Kxg2 Bxh5 0-1

[Event "II Weekend Master"]
[Site "Omegna ITA"]
[Date "2014.08.09"]
[Round "1"]
[White "Buzio, Alberto"]
[Black "Quirico, Paolo"]
[WhiteElo "1841"]
[BlackElo "2104"]
[Result "0-1"]
[PlyCount "78"]
[EventDate "2014.08.08"]

1. e4 c5 2. Nf3 g6 3. d4 cxd4 4. Nxd4 Nc6 5. Be3 Nf6 6. Nc3 Bg7 7. Bc4 Qa5 8.
O-O O-O 9. Nb3 Qc7 10. Be2 d6 11. h3 a6 12. a4 Na5 13. Nxa5 Qxa5 14. Qd2 Re8
15. Rab1 Bd7 16. b4 Qc7 17. Bd3 Rec8 18. Rb3 Be6 19. Ra3 Ng4 20. Ne2 Nxe3 21.
Qxe3 Bb2 22. Rb3 Bxb3 23. cxb3 Bg7 24. Bc4 Qd7 25. b5 axb5 26. Bxb5 Qe6 27. Bc4
Rxc4 28. bxc4 Qxc4 29. Rc1 Qxa4 30. Rc7 Be5 31. f4 Bf6 32. Rxb7 Qd1+ 33. Kh2
Ra1 34. Nc3 Qh1+ 35. Kg3 Ra3 36. e5 dxe5 37. fxe5 Bg5 38. Qxg5 Rxc3+ 39. Kh4
Qe1+ 0-1

[Event "II Weekend Master"]
[Site "Omegna ITA"]
[Date "2014.08.09"]
[Round "1"]
[White "Cacciola, Alfredo"]
[Black "Pozharitskiy, Anatoly"]
[WhiteElo "2148"]
[BlackElo "1893"]
[Result "1/2-1/2"]
[PlyCount "70"]
[EventDate "2014.08.08"]

1. e4 Nc6 2. Nf3 d6 3. d4 Nf6 4. Nc3 g6 5. Be3 Bg7 6. Qd2 Ng4 7. Bg5 h6 8. Bh4
g5 9. Bg3 e5 10. dxe5 Ngxe5 11. Nxe5 Nxe5 12. f3 Be6 13. O-O-O Qf6 14. h4 O-O-O
15. Bf2 Kb8 16. Be3 g4 17. f4 Nc4 18. Bxc4 Bxc4 19. Bd4 Qxd4 20. Qxd4 Bxd4 21.
Rxd4 Be6 22. f5 Bd7 23. Nd5 Bc6 24. Nf6 h5 25. Rhd1 Rh7 26. Nd5 Re8 27. Nc3 Re5
28. Kd2 Rh8 29. Ke3 Rhe8 30. Kf4 f6 31. R1d3 b6 32. Re3 Bb7 33. Nd5 Bxd5 34.
Rxd5 Rxd5 35. exd5 Re5 1/2-1/2

[Event "II Weekend Master"]
[Site "Omegna ITA"]
[Date "2014.08.09"]
[Round "1"]
[White "Fattorelli, Luciano"]
[Black "Paleologu, Vladimir"]
[WhiteElo "1908"]
[BlackElo "2151"]
[Result "0-1"]
[PlyCount "46"]
[EventDate "2014.08.08"]

1. c4 e5 2. Nc3 Nf6 3. g3 d5 4. cxd5 Nxd5 5. Bg2 Nb6 6. Nf3 Nc6 7. O-O Be7 8.
d3 g5 9. a3 h5 10. b4 g4 11. Nd2 h4 12. Nc4 hxg3 13. hxg3 Qd7 14. Be3 Qf5 15.
f4 gxf3 16. exf3 Be6 17. Qe2 O-O-O 18. Rad1 Nd4 19. Nxb6+ axb6 20. Bxd4 exd4
21. Ne4 Qg6 22. Qf2 Rdg8 23. f4 f5 0-1

[Event "II Weekend Master"]
[Site "Omegna ITA"]
[Date "2014.08.09"]
[Round "1"]
[White "Medici, Simone"]
[Black "Mantovan, Giuseppe"]
[WhiteElo "2076"]
[BlackElo "1828"]
[Result "1-0"]
[PlyCount "51"]
[EventDate "2014.08.08"]

1. e4 e6 2. d4 d5 3. exd5 exd5 4. Bd3 Bd6 5. Nf3 Nf6 6. O-O O-O 7. Bg5 Bg4 8.
Nbd2 Nbd7 9. c3 c6 10. Qc2 Qc7 11. Rfe1 Rfe8 12. h3 Bh5 13. Re3 Rxe3 14. fxe3
Re8 15. Rf1 Bg6 16. Nh4 Bh2+ 17. Kh1 Bg3 18. Nxg6 hxg6 19. e4 dxe4 20. Nxe4
Nxe4 21. Bxe4 Nf6 22. Bxf6 gxf6 23. Bxg6 Re1 24. Rxe1 Bxe1 25. Qe4 Qg3 26. Qe8+
1-0

[Event "II Weekend Master"]
[Site "Omegna ITA"]
[Date "2014.08.09"]
[Round "1"]
[White "Ottolini, Graziano"]
[Black "Vezzosi, Paolo"]
[WhiteElo "1984"]
[BlackElo "2274"]
[Result "0-1"]
[PlyCount "96"]
[EventDate "2014.08.08"]

1. e4 c5 2. Nf3 Nc6 3. c3 Nf6 4. e5 Nd5 5. d4 cxd4 6. Bc4 Nb6 7. Bb3 d5 8. exd6
Qxd6 9. cxd4 Bf5 10. Nc3 e6 11. h3 Rd8 12. Be3 Be7 13. O-O O-O 14. Qe2 Bf6 15.
Rfd1 Nb4 16. Rac1 N4d5 17. Bg5 Bxg5 18. Nxg5 Rfe8 19. Qf3 Qe7 20. Qg3 Bg6 21.
Nf3 Bh5 22. Rd2 Bxf3 23. Qxf3 Nf6 24. d5 exd5 25. Nxd5 Nbxd5 26. Bxd5 Qb4 27.
Rcd1 Rxd5 28. Rxd5 Nxd5 29. Rxd5 Qxb2 30. Rd7 Qxa2 31. Qxb7 a6 32. Qc6 h6 33.
g3 Re6 34. Rd8+ Kh7 35. Qc5 Qb1+ 36. Kh2 Qe4 37. Rd4 Qg6 38. Rg4 Qf6 39. Rf4
Qe7 40. Qf5+ Kg8 41. Rc4 g6 42. Qf4 Qf6 43. Qb8+ Kg7 44. Rf4 Qe5 45. Qb7 Rf6
46. Rxf6 Qxf6 47. Kg2 a5 48. Qb3 Qa1 0-1

[Event "II Weekend Master"]
[Site "Omegna ITA"]
[Date "2014.08.09"]
[Round "1"]
[White "Pasquotto, Mirko"]
[Black "Boschetti, Claudio"]
[WhiteElo "1884"]
[BlackElo "2141"]
[Result "1/2-1/2"]
[PlyCount "93"]
[EventDate "2014.08.08"]

1. Nf3 b5 2. g3 Bb7 3. Bg2 Nf6 4. O-O c5 5. d3 d6 6. Nbd2 Qc7 7. c4 a6 8. b3 g6
9. Bb2 Nbd7 10. Rc1 b4 11. e3 Bg7 12. d4 O-O 13. d5 h6 14. e4 Qa5 15. Rc2 Rfe8
16. Qa1 e5 17. dxe6 Rxe6 18. Re1 Ne8 19. e5 Nxe5 20. Nxe5 Bxg2 21. Kxg2 dxe5
22. Bxe5 Qb6 23. Nf1 Qc6+ 24. Kg1 a5 25. Bxg7 Nxg7 26. Rce2 a4 27. Qd1 axb3 28.
axb3 Rd6 29. Rd2 Rad8 30. Ree2 Nf5 31. Rd5 Rxd5 32. cxd5 Rxd5 33. Re8+ Qxe8 34.
Qxd5 Qe7 35. Nd2 Qe1+ 36. Nf1 Qc3 37. Nd2 Qc1+ 38. Kg2 Qd1 39. Qa8+ Kg7 40. Qd5
Qe2 41. Kg1 Nd4 42. Ne4 Qd1+ 43. Kg2 Qf3+ 44. Kg1 g5 45. Qe5+ Kg6 46. Qd6+ f6
47. Qe7 1/2-1/2

[Event "II Weekend Master"]
[Site "Omegna ITA"]
[Date "2014.08.09"]
[Round "1"]
[White "Potterat, Marc"]
[Black "Engl, Stefan"]
[WhiteElo "2165"]
[BlackElo "1912"]
[Result "0-1"]
[PlyCount "122"]
[EventDate "2014.08.08"]

1. d4 e6 2. c4 f5 3. g3 Nf6 4. Bg2 d5 5. Nf3 c6 6. b3 Bd6 7. O-O Qe7 8. a4 a5
9. Ba3 O-O 10. Bxd6 Qxd6 11. Na3 Nbd7 12. Nc2 Ne4 13. Nce1 b6 14. Nd3 Ba6 15.
Nfe5 Nxe5 16. Nxe5 Rad8 17. e3 c5 18. Rc1 cxd4 19. exd4 dxc4 20. Bxe4 fxe4 21.
Qg4 cxb3 22. Rfd1 Bb7 23. Rc3 Bd5 24. Rdc1 b2 25. Rb1 Rc8 26. Rxc8 Rxc8 27.
Rxb2 Qa3 28. Rb5 Qd6 29. Qh5 Rc1+ 30. Kg2 e3+ 31. Kh3 g6 32. Qg5 Qf8 33. Qxe3
Qf5+ 34. g4 Qc2 35. Qf4 Qc7 36. Rxb6 Rc3+ 37. Kh4 Rf3 38. Qg5 Qxb6 39. Nxf3
Bxf3 40. Qf6 Qc6 41. Qd8+ Kf7 42. Qxa5 Bd5 43. Qa7+ Qb7 44. Qc5 Qe7+ 45. Qxe7+
Kxe7 46. Kg5 Kf7 47. Kf4 h6 48. h4 Ke7 49. g5 h5 50. Ke5 Bf3 51. a5 Bd5 52. a6
Bf3 53. Kf4 Bd5 54. Ke3 Kd6 55. Kd3 e5 56. dxe5+ Kxe5 57. Ke3 Kf5 58. f3 Bc6
59. a7 Ba8 60. Kd4 Bxf3 61. Kc5 Kg4 0-1

[Event "II Weekend Master"]
[Site "Omegna ITA"]
[Date "2014.08.09"]
[Round "1"]
[White "Schmitt, Roland"]
[Black "Marguerettaz, Davy"]
[WhiteElo "1925"]
[BlackElo "2187"]
[Result "1/2-1/2"]
[PlyCount "61"]
[EventDate "2014.08.08"]

1. d4 d5 2. c4 c6 3. Nc3 Nf6 4. Nf3 dxc4 5. e4 b5 6. e5 Nd5 7. a4 e6 8. axb5
Nxc3 9. bxc3 cxb5 10. Ng5 Bb7 11. Qh5 Qd7 12. Nxh7 Nc6 13. Be2 O-O-O 14. Nxf8
Rdxf8 15. Qg4 f6 16. O-O fxe5 17. dxe5 g5 18. Qg3 g4 19. Bg5 Rhg8 20. Rfd1 Qh7
21. Bxg4 Qg6 22. h4 Kb8 23. f4 Qe4 24. Bf3 Qe3+ 25. Qf2 Qxc3 26. Bxc6 Bxc6 27.
Qxa7+ Kc8 28. Qa6+ Kc7 29. Qa7+ Kc8 30. Qa6+ Kc7 31. Qa7+ 1/2-1/2

[Event "II Weekend Master"]
[Site "Omegna ITA"]
[Date "2014.08.09"]
[Round "1"]
[White "Vianin, Pascal"]
[Black "Velluti, Alberto"]
[WhiteElo "2189"]
[BlackElo "1946"]
[Result "1/2-1/2"]
[PlyCount "86"]
[EventDate "2014.08.08"]

1. e4 e5 2. Nc3 Nf6 3. g3 Bc5 4. Bg2 Nc6 5. Nge2 a6 6. O-O d6 7. h3 Be6 8. Nd5
Bxd5 9. exd5 Ne7 10. d4 exd4 11. Nxd4 O-O 12. c4 Ng6 13. b3 Re8 14. Bb2 Qd7 15.
Qc2 b5 16. Nc6 bxc4 17. Qxc4 Qf5 18. Nd4 Qg5 19. Rad1 h5 20. Qc1 Qxc1 21. Bxc1
Ne4 22. Bb2 h4 23. Kh2 a5 24. a3 Rab8 25. Rd3 Ba7 26. Bxe4 Rxe4 27. Nc6 hxg3+
28. Rxg3 Ra8 29. Nxa5 Bd4 30. Bxd4 Rxd4 31. Nc6 Rd2 32. a4 Nf4 33. Ne7+ Kf8 34.
Nf5 g6 35. Ne3 Rb8 36. Rf3 Rxb3 37. Rxf4 Rxe3 38. Rc1 Ree2 39. Kg2 Rc2 40. Ra1
Ra2 41. Rxa2 Rxa2 42. Rc4 Ke8 43. Rd4 Ke7 1/2-1/2

[Event "II Weekend Master"]
[Site "Omegna ITA"]
[Date "2014.08.09"]
[Round "2"]
[White "Balzan, Marco"]
[Black "Fattorelli, Luciano"]
[WhiteElo "1822"]
[BlackElo "1908"]
[Result "1-0"]
[PlyCount "47"]
[EventDate "2014.08.08"]

1. e4 c5 2. Nf3 e6 3. d4 cxd4 4. Nxd4 Nf6 5. Nc3 d6 6. f3 Nc6 7. Be3 Qc7 8. Qd2
a6 9. O-O-O Be7 10. g4 O-O 11. h4 Nxd4 12. Bxd4 Rd8 13. h5 Nd7 14. f4 b5 15. g5
Bb7 16. g6 Bf6 17. Bxf6 Nxf6 18. gxh7+ Kxh7 19. Bd3 e5 20. f5 d5 21. exd5 Bxd5
22. Nxd5 Rxd5 23. h6 g6 24. Qg5 1-0

[Event "II Weekend Master"]
[Site "Omegna ITA"]
[Date "2014.08.09"]
[Round "2"]
[White "Boschetti, Claudio"]
[Black "Schmitt, Roland"]
[WhiteElo "2141"]
[BlackElo "1925"]
[Result "1-0"]
[PlyCount "75"]
[EventDate "2014.08.08"]

1. e4 c5 2. Nf3 d6 3. c3 Nf6 4. Bc4 e6 5. Qe2 Be7 6. d4 cxd4 7. O-O dxc3 8.
Nxc3 e5 9. Rd1 Nc6 10. h3 O-O 11. Be3 Be6 12. Bxe6 fxe6 13. Qc4 Qd7 14. b4 Rac8
15. Qb3 b6 16. Rac1 h6 17. a4 Kh7 18. a5 Bd8 19. Qb1 g6 20. b5 Nxa5 21. Nxe5
Qe7 22. Nxg6 Kxg6 23. e5+ Kg7 24. exf6+ Rxf6 25. Ne4 Nc4 26. Nxf6 Qxf6 27. Rd4
Nxe3 28. Rxc8 Qxd4 29. Rxd8 Nf5 30. Rd7+ Kf6 31. Rxa7 e5 32. Qc1 h5 33. Qc8 e4
34. Qh8+ Ke6 35. Qxh5 e3 36. Qe8+ Kd5 37. fxe3 Qd1+ 38. Kh2 1-0

[Event "II Weekend Master"]
[Site "Omegna ITA"]
[Date "2014.08.09"]
[Round "2"]
[White "Engl, Stefan"]
[Black "Medici, Simone"]
[WhiteElo "1912"]
[BlackElo "2076"]
[Result "0-1"]
[PlyCount "66"]
[EventDate "2014.08.08"]

1. e4 e5 2. Nf3 d6 3. d4 exd4 4. Nxd4 Be7 5. Nc3 Nf6 6. Bc4 O-O 7. f3 a6 8. a4
c6 9. O-O d5 10. exd5 cxd5 11. Bd3 Bc5 12. Nce2 Nc6 13. c3 h6 14. b4 Ba7 15.
Kh1 Re8 16. Nxc6 bxc6 17. Nd4 Qd6 18. Ba3 Bb8 19. g3 Re5 20. Bc1 Rh5 21. Bf4
Qd7 22. Bxb8 Rxb8 23. Qd2 Qd6 24. Qf2 c5 25. Ne2 cxb4 26. Nf4 Re5 27. cxb4 Rxb4
28. Rfc1 Bb7 29. Rab1 d4 30. Rxb4 Qxb4 31. Rb1 Qe7 32. a5 Re3 33. Be2 g5 0-1

[Event "II Weekend Master"]
[Site "Omegna ITA"]
[Date "2014.08.09"]
[Round "2"]
[White "Mantovan, Giuseppe"]
[Black "Bracaglia, Carlo"]
[WhiteElo "1828"]
[BlackElo "2125"]
[Result "0-1"]
[PlyCount "58"]
[EventDate "2014.08.08"]

1. d4 Nf6 2. c4 c5 3. d5 e6 4. Nc3 exd5 5. cxd5 d6 6. e4 g6 7. f4 Bg7 8. Bb5+
Nfd7 9. Nf3 O-O 10. O-O a6 11. Bd3 b5 12. Kh1 Nb6 13. f5 N8d7 14. Bg5 Qc7 15.
Qd2 Bb7 16. Bh6 Rac8 17. Bxg7 Kxg7 18. Qf4 f6 19. Qg3 Ne5 20. Nxe5 fxe5 21. Rf3
Rf6 22. Raf1 Rcf8 23. Qh4 Qf7 24. g4 h6 25. Rh3 g5 26. Qf2 Rd8 27. Ne2 Nxd5 28.
exd5 Qxd5+ 29. Kg1 Qh1# 0-1

[Event "II Weekend Master"]
[Site "Omegna ITA"]
[Date "2014.08.09"]
[Round "2"]
[White "Marguerettaz, Davy"]
[Black "Pasquotto, Mirko"]
[WhiteElo "2187"]
[BlackElo "1884"]
[Result "1-0"]
[PlyCount "59"]
[EventDate "2014.08.08"]

1. d4 Nf6 2. Nf3 g6 3. Bf4 Bg7 4. e3 O-O 5. h3 d6 6. Be2 Nbd7 7. O-O c5 8. c3
a6 9. Nbd2 b6 10. b4 Bb7 11. Bh2 Re8 12. a4 e5 13. Nc4 Ne4 14. Qb3 Bd5 15. Qa3
b5 16. Na5 Nxc3 17. Qxc3 exd4 18. Qd2 d3 19. Qxd3 Be4 20. Qxd6 Bxa1 21. Rxa1
cxb4 22. Qxb4 bxa4 23. Rd1 Qb6 24. Qxa4 Nc5 25. Qa1 Rac8 26. Nc4 Qc6 27. Nd6
Nb3 28. Qb2 Bc2 29. Nxe8 Bxd1 30. Qg7# 1-0